000 00849nam a22002897a 4500
001 BR7802910
003 BR-BrBNA
005 20230928085607.0
007 ta
008 230509b bl.||||| |||| 00| 0 por d
040 _aBR-BrBNA
_bpor
_cBiblioteca Nacional de Agricultura
041 _a(Por)
072 _aS00; S10
_b5300
_b9700
_b/G514
090 _ 5300 BR7802910
100 1 _aSoares, M. de C.
110 1 _aEscola Superior de Agricultura de Lavras, MG (Brasil). Depto. de Zootecnia
_94360
245 1 _aAlgumas consideracoes sobre o suino na alimentacao humana [Brasil]
260 3 _aLavras, MG (Brasil):
_c1977.
300 _a17 p.
500 _a16 tables; 21 ref.
650 _aNUTRICAO HUMANA
650 _aCOMPOSICAO DE ALIMENTO
650 _aSUINO
650 _aCARNE
909 _a202309
_bLucia
_c55
_dLucia Elande
942 _cBK
999 _c25272
_d25272